Online Catalogue and eLibrary

Pramma upathesam (Record no. 3748)

MARC details
000 -LEADER
fixed length control field 00366nam a2200157Ia 4500
005 - DATE AND TIME OF LATEST TRANSACTION
control field 20250316173445.0
008 - FIXED-LENGTH DATA ELEMENTS--GENERAL INFORMATION
fixed length control field 240331s9999 xx 000 0 und d
082 ## - DDC Classification
Class No. 894
Item Number - Author Mark PRA
100 ## - MAIN ENTRY--PERSONAL NAME
Personal name Jeyakanthan,
245 #0 - TITLE STATEMENT
Title Pramma upathesam
250 ## - EDITION STATEMENT
Edition statement 10th
260 ## - PUBLICATION, DISTRIBUTION, ETC.
Place of publication, distribution, etc. Madurai
Name of publisher, distributor, etc. Meenakshi Puthaka Nilayam
Date of publication, distribution, etc. 1995
300 ## - PHYSICAL DESCRIPTION
Extent (e.g. Volumes, Pages etc.) 98 p .,
650 ## - SUBJECT ADDED ENTRY--TOPICAL TERM
Topical term or geographic name entry element Essay
942 ## - Koha item type (Biblio)
Koha item type Books in Stacks (Lending)
Holdings
Lost status Damaged status Collection code Home library Current library Shelving location Date acquired Full call number Accession Number Item type
    Lending WERC Library WERC Library Social Science Cupboard 03/31/2024 894.811JEY 4496 Books in Stacks (Lending)

© WERC Library